Soils in Mediterranean type climates and their yield potential : proceedings of the 14th colloquium of the International Potash Institute held in Sevilla
Αποθηκεύτηκε σε:
| Συγγραφή απο Οργανισμό/Αρχή: | |
|---|---|
| Μορφή: | Βιβλίο |
| Γλώσσα: | English |
| Δημοσίευση: |
Worblaufen :
Institute,
1979
|
| Θέματα: | |
| Ετικέτες: |
Προσθήκη ετικέτας
Δεν υπάρχουν, Καταχωρήστε ετικέτα πρώτοι!
|
MARC
| LEADER | 00000cam a2200000 i 4500 | ||
|---|---|---|---|
| 001 | 1/2109 | ||
| 008 | 950808s1979 eng d | ||
| 035 | |l 10014699 | ||
| 040 | |a GR-MY-UA |b gre |e aacr | ||
| 041 | 0 | |a eng | |
| 082 | 0 | |a 631.491822 | |
| 110 | 2 | |a International Potash Institute. |b Colloquium |n (14th : |d 1979 : |c Seville, Spain) | |
| 245 | 1 | 0 | |a Soils in Mediterranean type climates and their yield potential : |b proceedings of the 14th colloquium of the International Potash Institute held in Sevilla/Spain 1979 |
| 260 | |a Worblaufen : |b Institute, |c 1979 | ||
| 300 | |a 451 p., [1] leaf of plates; |b ill. (some col.); |c 23 cm | ||
| 504 | |a Includes bibliographical references | ||
| 650 | 0 | 0 | |a Soils |z Mediterranean Region |x Congresses. |
| 650 | 0 | 0 | |a Soil productivity |z Mediterranean Region |x Congresses. |
| 650 | 0 | 0 | |a Soils and climate |z Mediterranean Region |x Congresses. |
| 650 | 0 | 0 | |a Mediterranean climate |x Congresses. |
| 852 | |a INST |b LESVOS |e 19950808 |h 631.491822 SOI |p 005100007492 |q 005100007492 |t BK |y 0 | ||